000 00226nam a22000857a 4500
999 _c10978
_d10978
008 180706b ||||| |||| 00| 0 eng d
100 _aStevenson Louis
_96776
245 _aDr Jekyll and Mr Hyde
260 _aNew Delhi
_bCampfire
_c2016